|
|
|
|
| LEADER |
00000nam0a2200000 4500 |
| 001 |
91191 |
| 005 |
20231031103931.0 |
| 010 |
|
|
|a 5980328424
|
| 035 |
|
|
|a (RuTPU)RU\TPU\book\97774
|
| 090 |
|
|
|a 91191
|
| 100 |
|
|
|a 20060221d2006 m y0rusy50 ca
|
| 101 |
0 |
|
|a rus
|
| 102 |
|
|
|a RU
|
| 105 |
|
|
|a y j 000zy
|
| 200 |
1 |
|
|a Конституционное (государственное) право зарубежных стран
|e учебник
|f А. С. Автономов
|
| 210 |
|
|
|a Москва
|c Проспект
|d 2006
|
| 215 |
|
|
|a 548 с.
|
| 330 |
|
|
|a В общей части учебника даны основные понятия, современные тенденции развития конституционного (государственного) права, в обобщенном виде представлен мировой конституционно-правовой (государственно-правовой) опыт и некоторые особенности проявления тенденций в конкретных условиях регионов и стран. В особенной части приведены примеры отдельных государств, которые во многих отношениях являются ведущими и типическими в своих подгруппах стран. Учебник адресован прежде всего студентам, изучающим конституционное (государственное) право зарубежных стран, а также может быть полезен аспирантам и преподавателям юридических факультетов и вузов. Он представляет интерес и для более широкого круга читателей, интересующихся вопросами правового государства.
|
| 451 |
|
1 |
|0 (RuTPU)RU\TPU\book\130020
|y 978-5-482-01235-2
|t Конституционное (государственное) право зарубежных стран
|o учебник
|f А. С. Автономов
|c М.
|n Проспект
|d 2007
|p 548 с.
|a Автономов, Алексей Станиславович
|
| 610 |
1 |
|
|a право
|
| 610 |
1 |
|
|a конституционное право
|
| 610 |
1 |
|
|a конституции
|
| 610 |
1 |
|
|a зарубежные страны
|
| 610 |
1 |
|
|a Конституция
|
| 610 |
1 |
|
|a права человека
|
| 610 |
1 |
|
|a общественный строй
|
| 610 |
1 |
|
|a демократия
|
| 610 |
1 |
|
|a государственное устройство
|
| 610 |
1 |
|
|a правление
|
| 610 |
1 |
|
|a парламент
|
| 610 |
1 |
|
|a глава государства
|
| 610 |
1 |
|
|a Правительство
|
| 610 |
1 |
|
|a судебные органы
|
| 610 |
1 |
|
|a местное самоуправление
|
| 610 |
1 |
|
|a местное управление
|
| 610 |
1 |
|
|a США
|
| 610 |
1 |
|
|a Великобритания
|
| 610 |
1 |
|
|a Франция
|
| 610 |
1 |
|
|a Федеративная Республика Германия
|
| 610 |
1 |
|
|a Италия
|
| 610 |
1 |
|
|a Япония
|
| 610 |
1 |
|
|a Китай
|
| 610 |
1 |
|
|a Бразилия
|
| 610 |
1 |
|
|a Индия
|
| 610 |
1 |
|
|a учебники
|
| 610 |
1 |
|
|a человек
|
| 686 |
|
|
|a Х80я73
|v LBC/SL-A
|2 rubbk
|
| 700 |
|
1 |
|a Автономов
|b А. С.
|g Алексей Станиславович
|
| 801 |
|
1 |
|a RU
|b 63413507
|c 20060221
|g PSBO
|
| 801 |
|
2 |
|a RU
|b 63413507
|c 20131225
|g PSBO
|
| 900 |
|
|
|a Конституция Российской Федерации (фак)
|
| 900 |
|
|
|a Право
|
| 900 |
|
|
|a Международное право
|
| 900 |
|
|
|a Международная юриспруденция
|
| 942 |
|
|
|c BK
|
| 952 |
|
|
|b 030501
|
| 959 |
|
|
|a 17/20060217
|d 1
|e 130
|f ЧЗГЛ:1
|